000 00775 a2200181 4500
010 _aENG-85694
020 _c165.00
035 _aEN-69227
037 _bD.B.Act / Pub
082 1 4 _a000
090 _c3356
_d3356
245 1 _aR. Gupta's popular master guide staff nurse recruitment exam
_bexamination conducted by DSSSB, Railway recruitment Boards, Army Hospitals and oter major hospitals of India
260 _aNew Delhi
_bRamesh Publishing House
_c2008
270 _a12-H, New Darya Ganj Road, Opp. Traffic Kotwali
_bNew Delhi
_cDelhi :
_e110002
_k23261647
_l23275124
_minfo@rameshpublishinghouse.com
300 _avarious pagings
_c24 cm (pbk)
942 _adpl
_cEN
_k000 / RGU
999 _c3289
_d3289